[Event "AUTO-INT-1808"]
[Site "http://www.queenalice.com/game.php?id=827307"]
[Date "2010.9.3"]
[Round "1"]
[White "agsantos"]
[Black "ROSCHMAN"]
[Result "1-0"]
[WhiteElo "1709"]
[BlackElo "1312"]

1. e4 c6 2. d4 e6 3. e5 Nh6 4. Be2 Na6 5. Nf3 Bb4+ 6. Bd2 b6 7. O-O c5 8. c3 Ba5
9. a3 Bb7 10. b4 cxb4 11. cxb4 Bxf3 12. Bxf3 1-0

[Event "AUTO-INT-1808"]
[Site "http://www.queenalice.com/game.php?id=827308"]
[Date "2010.9.3"]
[Round "1"]
[White "ROSCHMAN"]
[Black "agsantos"]
[Result "0-1"]
[WhiteElo "1310"]
[BlackElo "1711"]

1. e4 e5 2. Qh5 d6 3. Bc4 Qf6 4. d3 Be6 5. Bg5 Qg6 6. Qxg6 hxg6 7. Nf3 Be7 8.
O-O Bxc4 9. dxc4 Nc6 10. a3 Nd4 11. Nxd4 Bxg5 0-1

[Event "AUTO-INT-1808"]
[Site "http://www.queenalice.com/game.php?id=827328"]
[Date "2010.9.3"]
[Round "1"]
[White "marcelouco"]
[Black "ROSCHMAN"]
[Result "1-0"]
[WhiteElo "1799"]
[BlackElo "1337"]

1. e4 c6 2. Nf3 e6 3. Nc3 Qf6 4. d4 g5 5. Bxg5 Qg6 6. Qd2 h6 7. Nh4 Qxg5 8. Qxg5
f6 9. Qe3 b6 10. Ng6 Rh7 11. Nxf8 Kxf8 12. d5 e5 13. dxc6 Nxc6 14. Bc4 d6 15.
Bxg8 1-0

[Event "Let's Play Chess!"]
[Site "http://www.queenalice.com/game.php?id=827553"]
[Date "2010.9.4"]
[Round "-"]
[White "microcephalec"]
[Black "ROSCHMAN"]
[Result "1-0"]
[WhiteElo "1721"]
[BlackElo "1314"]

1. e4 c5 2. d4 cxd4 3. c3 e5 4. Nf3 Nf6 5. Bg5 h6 6. Bh4 g5 7. Bg3 Nxe4 8. Bxe5
f6 9. Bxd4 g4 10. Bd3 Nd6 11. O-O gxf3 12. Qxf3 Bg7 13. Qh5+ Kf8 14. Na3 Nc6 15.
Bc5 Qc7 16. Rfe1 1-0

[Event "Let's Play Chess!"]
[Site "http://www.queenalice.com/game.php?id=827554"]
[Date "2010.9.4"]
[Round "-"]
[White "ROSCHMAN"]
[Black "microcephalec"]
[Result "0-1"]
[WhiteElo "1443"]
[BlackElo "1716"]

1. e3 e5 2. Qh5 Nf6 3. Qxe5+ Be7 4. g4 Nc6 5. Qc3 d5 6. Nf3 Bxg4 7. Nd4 Bb4 8.
Qd3 Nxd4 9. exd4 O-O 10. h3 Re8+ 0-1

[Event "Match1"]
[Site "http://www.queenalice.com/game.php?id=827669"]
[Date "2010.9.4"]
[Round "-"]
[White "FranzMeM"]
[Black "ROSCHMAN"]
[Result "0-1"]
[WhiteElo "1475"]
[BlackElo "1476"]

1. e4 c5 2. Nf3 e6 3. c4 Nc6 4. a3 Nf6 5. d3 Bd6 6. Bg5 h6 7. Bxf6 gxf6 8. Be2
Qa5+ 9. Nfd2 Nd4 10. O-O h5 11. Bxh5 Qd8 12. Nf3 Rxh5 13. h3 Bb8 14. Nxd4 Rh8
15. Qg4 cxd4 16. b4 b6 17. Nd2 Qc7 18. Qg7 Qh2# 0-1

[Event "Let's Play Chess!"]
[Site "http://www.queenalice.com/game.php?id=827776"]
[Date "2010.9.4"]
[Round "-"]
[White "ROSCHMAN"]
[Black "elche"]
[Result "0-1"]
[WhiteElo "1499"]
[BlackElo "1696"]

1. e4 c5 2. Nh3 d6 3. d3 Bxh3 4. gxh3 Nc6 5. c3 Nf6 6. Rg1 Qb6 7. Bg2 e5 8. Na3
Na5 9. Qa4+ Nc6 10. Nc4 Qc7 11. Bg5 Be7 12. h4 a6 13. Qb3 b5 14. Ne3 a5 15. Qxb5
O-O 16. Bxf6 Bxf6 17. h5 Rab8 18. Qa4 Rxb2 19. Bh3 Qb6 20. h6 g6 21. Nc4 Rb1+
22. Rxb1 Qc7 0-1

[Event "Let's Play Chess!"]
[Site "http://www.queenalice.com/game.php?id=827781"]
[Date "2010.9.4"]
[Round "-"]
[White "ROSCHMAN"]
[Black "elche"]
[Result "0-1"]
[WhiteElo "1508"]
[BlackElo "1687"]

1. e4 c5 2. Qh5 e6 3. Nf3 Nf6 4. Qe5 d6 5. Qc3 Nxe4 6. Qe3 Nf6 7. Bb5+ Bd7 8.
Na3 Be7 9. Qg5 O-O 10. d3 Bxb5 11. Nxb5 Qa5+ 12. Nc3 Nd5 13. Bd2 Bxg5 14. Nxg5
Nxc3 15. bxc3 Qd8 16. Rb1 b6 17. h4 h6 18. Nf3 e5 19. c4 f5 20. h5 Nd7 21. Be3
f4 22. Bd2 Nf6 23. c3 Qe8 24. g3 fxg3 25. fxg3 e4 0-1

[Event "Let's Play Chess!"]
[Site "http://www.queenalice.com/game.php?id=827783"]
[Date "2010.9.4"]
[Round "-"]
[White "ROSCHMAN"]
[Black "elche"]
[Result "0-1"]
[WhiteElo "1491"]
[BlackElo "1704"]

1. e4 c5 2. Bc4 Nc6 3. Qh5 e6 4. d3 Nf6 5. Qe2 d6 6. g4 Nd4 7. Qd2 Nxg4 8. h3
Ne5 9. f4 Nef3+ 10. Nxf3 Nxf3+ 11. Kd1 Nxd2 12. Bxd2 a6 13. a4 Bd7 14. Rg1 Rg8
15. Nc3 Be7 16. Ne2 d5 17. exd5 exd5 18. Bxd5 Bc6 19. Bb3 f6 20. Bxg8 Qd4 21. c3
Qf2 22. Be1 Qh2 23. Rxg7 Qxh3 24. Ng1 Qxd3+ 0-1

[Event "Let's Play Chess!"]
[Site "http://www.queenalice.com/game.php?id=828265"]
[Date "2010.9.5"]
[Round "-"]
[White "ROSCHMAN"]
[Black "krambo1"]
[Result "0-1"]
[WhiteElo "1456"]
[BlackElo "1994"]

1. e4 c6 2. d4 d5 3. e5 Bf5 4. g4 Bg6 5. f4 h6 6. f5 Bh7 7. b3 e6 8. fxe6 Qh4+
9. Kd2 Bb4+ 10. Nc3 fxe6 11. a3 Qf2+ 12. Be2 Qxd4+ 13. Ke1 Bxc3+ 14. Bd2 Bxa1
15. Nf3 Qb2 16. Bc1 Qxc2 17. Nd4 Qxd1+ 18. Kxd1 Bxd4 19. Bf4 g5 20. Bg3 Nd7 21.
Rf1 Bxe5 22. Bf2 Bxh2 23. Bd4 Be5 24. Be3 Ne7 0-1

[Event "Let's Play Chess!"]
[Site "http://www.queenalice.com/game.php?id=828267"]
[Date "2010.9.5"]
[Round "-"]
[White "ROSCHMAN"]
[Black "Piazzolero"]
[Result "0-1"]
[WhiteElo "1325"]
[BlackElo "1489"]

1. e4 e5 2. Qh5 d6 3. Bc4 g6 4. Qf3 Nf6 5. d3 Bg4 6. Qe3 Nc6 7. h3 Be6 8. Nc3
Nb4 9. Qd2 d5 10. exd5 Bxd5 11. a3 Nc6 0-1

[Event "Let's Play Chess!"]
[Site "http://www.queenalice.com/game.php?id=828268"]
[Date "2010.9.5"]
[Round "-"]
[White "krambo1"]
[Black "ROSCHMAN"]
[Result "1-0"]
[WhiteElo "1992"]
[BlackElo "1458"]

1. d4 e6 2. c4 Qf6 3. Nf3 Nh6 4. Bg5 Qg6 5. e3 f6 6. Bd3 Qf7 7. Bf4 g5 8. Bxc7
Bb4+ 9. Nbd2 Na6 10. Bg3 g4 11. Ng1 b6 12. Ne2 Bb7 13. O-O Rg8 14. a3 Bxd2 15.
Qxd2 Rc8 16. b4 Nf5 17. Bxf5 exf5 18. d5 Rxc4 19. Nc3 h5 20. Qd3 Rc8 21. Rac1
Qh7 22. Nb5 h4 23. Nd6+ Kd8 24. Nxb7+ Ke7 25. Bd6+ Kf7 26. Rxc8 Rxc8 27. Qxa6
1-0